000
00328nam a2200145Ia 4500
008
150301s2015 xx 000 0 und d
082
_a
540
_b
P15R
100
_a
RAJE, V.N
245
_a
PHARMACEUTICAL CHEMISTRY -||
250
_a
2ND
260
_b
CBS- DELHI
300
_a
239
650
_a
PHARMACEUTICS
942
_2
ddc
_c
BK
_0
46
999
_c
7305
_d
7305